Special features of electron-beam-excited XeCl-laser generation; Optics Communications; Vol. 42, № 4

Dades bibliogràfiques
Parent link:Optics Communications
Vol. 42, № 4.— 1982.— P. 278-280
Altres autors: Bychkov Yu. I., Losev V. F., Mesyats G. A. Gennady Andreyevich, Skakun V. S., Tarasenko V. F.
Sumari:В фонде НТБ ТПУ отсутствует
Idioma:anglès
Publicat: 1982
Matèries:
Format: MixedMaterials Capítol de llibre
KOHA link:https://koha.lib.tpu.ru/cgi-bin/koha/opac-detail.pl?biblionumber=596614

MARC

LEADER 00000naa0a2200000 4500
001 596614
005 20250121125626.0
035 |a (RuTPU)RU\TPU\tpu\19594 
090 |a 596614 
100 |a 20110728d1982 k||y0rusy50 ba 
101 0 |a eng 
102 |a NL 
200 1 |a Special features of electron-beam-excited XeCl-laser generation  |f Yu. I. Bychkov [et al.] 
333 |a В фонде НТБ ТПУ отсутствует 
461 |t Optics Communications 
463 |t Vol. 42, № 4  |v P. 278-280  |d 1982 
610 1 |a труды учёных ТПУ 
701 1 |a Bychkov  |b Yu. I. 
701 1 |a Losev  |b V. F. 
701 1 |a Mesyats  |b G. A.  |c russian physicist  |c academican, vice-president of RAS  |c graduate of Tomsk Polytechnic Institute  |f 1936-  |g Gennady Andreyevich  |3 (RuTPU)RU\TPU\pers\28088  |4 070 
701 1 |a Skakun  |b V. S. 
701 1 |a Tarasenko  |b V. F. 
801 1 |a RU  |b 63413507  |c 20110728 
801 2 |a RU  |b 63413507  |c 20110812  |g RCR 
942 |c CR